Complete the Slogan... With a Picture Quiz Stats

 Plays Quiz Updated Aug 26, 2017

Score 0/20 Timer 05:00
5 Plays Today
% Correct
What's in Your WALLET?
90.1%
FINGER Lickin' Good
89.5%
Good to the
Last DROP
88.8%
The Breakfast
of CHAMPIONS
87.8%
Taste the RAINBOW
85.7%
The KING of Beers
83.8%
Just Do IT
81.5%
Where's the BEEF?
80.2%
Unleash the BEAST
77.3%
When You're Here,
You're FAMILY
76.3%
% Correct
So Easy, a
CAVEMAN Could Do It
75.4%
Come Hungry,
Leave HAPPY
74.8%
Put a TIGER in Your Tank
74.4%
Got MILK?
69.4%
Drivers WANTED
68.8%
Tastes So Good
CATS Ask for It by Name
66.9%
Think Outside the BUN
63.9%
The Free
ENCYCLOPEDIA
63.1%
Solutions For
a Small PLANET
61.9%
Red Bull Gives
You WINGS
60.8%

You're not logged in!

Compare scores with friends on all Sporcle quizzes.
Join for Free
OR
Log In

You Might Also Like...

Show Comments

Extras

Top Quizzes Today


Score Distribution

Your Account Isn't Verified!

In order to create a playlist on Sporcle, you need to verify the email address you used during registration. Go to your Sporcle Settings to finish the process.

Report this User

Report this user for behavior that violates our Community Guidelines.

Details: